000 00948cam a2200253 4500
001 ##L133231
008 060421n2006 000 0 eng u
020 _a0860176576
035 _a(Sirsi) u133231
041 0 _aeng
050 _a627.4 $2 18
100 1 _aWaggett, Rachel
245 _aWater key performance indicators and benchmarks for offices and hotels
260 _aLondon
_bCIRIA
_c2006
300 _a56p.
_c30cm. +
_e1 CD-ROM
350 _a60.00
490 0 _aCIRIA
_vC657
520 _aPresents the results of a study that examined data from water companies in order to gather information on water usage and set benchmarks for improvement. Gives comparative data for offices and hotels within the UK and offers guidance on ways to reduce usage.
590 _aIKA230806
651 4 _aUnited Kingdom
_y
690 _aENVIRONMENTAL AND LAND CONSULTANCY-WATER RESOURCE MANAGEMENT
700 1 _aArotsky, Catherine
942 _n0
999 _c105359
_d105359